LIBRARY & INFORMATION CENTRE, KCAET, TAVANUR

ONLINE PUBLIC ACCESS CATALOGUE (OPAC)

Code of practice for natural ventilation of residential buildings ,IS:3362-1977 / (Record no. 4307)

MARC details
000 -LEADER
fixed length control field 00912cam a2200145ua 4500
041 ## - LANGUAGE CODE
Language code of text/sound track or separate title eng
082 ## - DEWEY DECIMAL CLASSIFICATION NUMBER
Classification number 697.921
Item number IND/CO
245 ## - TITLE STATEMENT
Title Code of practice for natural ventilation of residential buildings ,IS:3362-1977 /
260 ## - PUBLICATION, DISTRIBUTION, ETC. (IMPRINT)
Place of publication :
Name of publisher ISI ,
Year of publication 1978.
300 ## - PHYSICAL DESCRIPTION
Number of Pages 21 ; .
942 ## - ADDED ENTRY ELEMENTS (KOHA)
Koha item type Books
Holdings
Withdrawn status Lost status Damaged status Home library Current library Date acquired Full call number Accession Number Koha item type
      KAUAET   07/04/2012 697.921 17120 Books
free website counter